000 01250naa a22003257a 4500
001 BR7503269
003 BR-BrBNA
005 20240918173743.0
007 ta
008 230509b bl.||||| |||| 00| 0 por d
040 _aBR-BrBNA
_bpor
_cBiblioteca Nacional de Agricultura
041 _a(Pt)
072 _aF30; H20
_b2120
_b4120
090 _aF30 BR7503269
100 1 _aAraujo Netto, K. de
100 1 _aOliveira, J.C. de
100 1 _aCruz Filho, J. da
100 1 _aChaves, G.M.
111 1 _a3. Congresso Brasileiro de Pesquisas Cafeeiras
_cCuritiba, PR (Brazil)
_d18 Nov 1975
245 1 _aComparacao de progenies de cafeeiros com resistencia a Hemileia vastatrix provindo de Oeiras e de cultivares comerciais [ferrugem]
260 3 _aRio de Janeiro, RJ (Brasil):
_c1975.
500 _aResumos do 3. Congresso Brasileiro de Pesquisas Cafeeiras Rio de Janeiro, RJ (Brasil): 1975. p. 65-67 (BR7503269-AM)F30
650 _aCAFE
650 _aVARIEDADE RESISTENTE
650 _aFERRUGEM ALARANJADA
650 _aTESTE DE PROGENIE
773 0 _tResumos do 3. Congresso Brasileiro de Pesquisas Cafeeiras
_wF30 BR7503269
_gRio de Janeiro, RJ (Brasil), 1975. p. 65-67
909 _a202404
_bLucia
_c55
_dLucia Elande
942 _cAM
_2AGRIS
999 _c306660
_d306660